L'esprit de Saint Ignace : pensées, sentiments, paroles et actions du fondateur de la Compagnie de Jésus : recueillis et mis en ordre /

Biografía de San Ignacio de Loyola, fundador de la Compañía de Jesús. Nacido en 1491 en Guipúzcoa, el vasco Ignacio de Loyola vivió hasta los 27 años de edad entregado al cumplimiento de sus deberes militares y a la galantería, pero tras caer herido en Pamplona en 1521, la lectura de la vida de Jesu...

Szczegółowa specyfikacja

Zapisane w:
Opis bibliograficzny
1. autor: Franciosi, Xavier de (autor)
Format: Książka
Język:francuski
Wydane: Nancy, Fracia : Le Chevallier, 1887
Hasła przedmiotowe:
Etykiety: Dodaj etykietę
Nie ma etykietki, Dołącz pierwszą etykiete!

MARC

LEADER 00000nam^a2200000^a^4500
001 000430752
005 20250526000000.0
009 20260526144701.842
037 |a Acervo Xavier Clavigero 
041 |a FRA 
082 |a 255. 53  |b IGN EST FRA 
100 |a Franciosi, Xavier de  |e (autor) 
245 1 2 |a L'esprit de Saint Ignace :  |b pensées, sentiments, paroles et actions du fondateur de la Compagnie de Jésus : recueillis et mis en ordre /  |c X. de Franciosi. 
264 1 |a Nancy, Fracia :  |b Le Chevallier,  |c 1887 
300 |a 655 p. ;  |c 12.5 cm. 
336 |a texto  |b txt  |2 rdacontenido 
337 |a sin mediación  |b n  |2 rdamedio 
338 |a volumen  |b nc  |2 rdasoporte 
520 |a Biografía de San Ignacio de Loyola, fundador de la Compañía de Jesús. Nacido en 1491 en Guipúzcoa, el vasco Ignacio de Loyola vivió hasta los 27 años de edad entregado al cumplimiento de sus deberes militares y a la galantería, pero tras caer herido en Pamplona en 1521, la lectura de la vida de Jesucristo y de los santos le inspiró el deseo de reformar sus costumbres. Los siguientes 35 años, hasta su muerte en 1556, serán de intensa actividad para el español: estancias en Monserrat y Manresa; una visita a Tierra Santa; estudios en Barcelona y en Alcalá; sospechoso de ser un visionario ante los ojos de la Inquisición; el exilio en Francia y el proceso de formación de la Compañía de Jesús, reconocida por el Papa Pablo III en 1540 y de la que Ignacio de Loyola fue el primer general. 
561 |a Ex libris de Biblioteca Juniorado San José 
561 |a Ex libris de Instituto de Literatura Puente Grande, Jal. 
649 |a XX 
650 |a Jesuitas Españoles -  |x Biografías 
650 |a Santos Españoles -  |x Biografías 
650 |a Jesuitas -  |x Biografías 
650 |a Monasticismo y Ordenes Religiosas -  |x Historia -  |y Siglo XVI 
650 |a Iglesia Católica -  |x Historia -  |y Siglo XVI 
650 |a Catolicismo -  |x Historia -  |y Siglo XVI 
650 |a Cristianismo -  |x Historia -  |y Siglo XVI 
650 |a Religión -  |x Historia -  |y Siglo XVI 
650 |a España -  |x Historia -  |y Siglo XVI 
650 |a España -  |x Historia -  |y Casa de Austria, 1516-1700 
650 |a Ignacio de Loyola, Santo -  |x Tema Principal 
910 |a Fondo General 
920 |a Impresos - Libros 
930 |a Libros Antiguos y Raros 
940 |a Jesuitas 
905 |a 108 
901 |a 0500351352  |b IT2  |c LRA  |i 5141  |u 20250526 
902 |a https://opac.biblio.iteso.mx/vufind/Record/000430752